U.S. Presidents in order - Statistics

General Stats
  • This quiz has been taken 88 times
  • The average score is 38 of 45
Answer Stats
Number President % Correct
1 George Washington
100%
2 John Adams
97%
3 Thomas Jefferson
97%
4 James Madison
95%
44 Barack Obama
91%
45 Donald Trump
91%
41 George Herbert Walker Bush
91%
43 George Walker Bush
91%
5 James Monroe
91%
42 William Jefferson Clinton
91%
38 Gerald Ford
90%
39 James Carter
90%
35 John Fitzgerald Kennedy
90%
36 Lyndon Baines Johnson
90%
37 Richard Milhous Nixon
90%
40 Ronald Reagan
90%
34 Dwight David Eisenhower
88%
32 Franklin Delano Roosevelt
88%
33 Harry S. Truman
88%
16 Abraham Lincoln
86%
7 Andrew Jackson
86%
30 Calvin Coolidge
86%
31 Herbert Hoover
86%
6 John Quincy Adams
86%
8 Martin VanBuren
84%
18 Ulysses S. Grant
84%
28 Woodrow Wilson
84%
12 Zachary Taylor
84%
24 Grover Cleveland
83%
11 James Knox Polk
83%
10 John Tyler
83%
22 Grover Cleveland
81%
26 Theodore Roosevelt
81%
9 William Henry Harrison
81%
27 William Howard Taft
81%
25 William McKinley
81%
17 Andrew Johnson
79%
29 Warren Gamaliel Harding
79%
23 Benjamin Harrison
78%
21 Chester Alan Arthur
78%
15 James Buchanan
78%
14 Franklin Pierce
74%
13 Millard Fillmore
74%
20 James Abram Garfield
71%
19 Rutherford Birchard Hayes
66%
No matching quizzes found
Score Distribution
Percent of People with Each Score
Percentile by Number Answered
Your Score History
You have not taken this quiz